000 02185cam a2200565 4500
001 21559
003 VRT
005 20260305084601.0
008 200507s2019 xo a ar 000 p slo
015 _aSNBA2019/12
020 _a9788056610787
_q(viazané)
035 _aurn:nbn:sk:snk-am00dx07
035 _aurn:nbn:sk:snk-am3i855
035 _a93F38C10-85FB-492A-9973-6644B5D64E58
039 9 _a202005070815
_bVLOAD
_c201912040849
_dcsnk10
_c201912031310
_dmsnk161
_c201912020954
_dmsnk161
040 _aPPPK
_bslo
_cPPPK
_dSNK
_erda
041 0 _aslo
044 _axo
_cSK
072 7 _a821.162.4-1
_xSlovenská poézia
_2konspekt
072 7 _a821-93
_xLiteratúra pre deti a mládež (beletria)
_2konspekt
080 _a821.162.4-1
_22011
080 _a82-1-053.2
_22011
080 _a82-93-053.4/.5
_22011
100 1 _aPavlíková, Jana
_c(poetka)
_4aut
245 1 0 _aRočné obdobia
_cJana Pavlíková ; ilustrovala Natália Zavaďáková
250 _a[1. vydanie]
264 1 _aV Bratislave
_bAlbatros
_bAlbatros Media Slovakia, s.r.o.
_c2019
300 _a64 strán
_bfarebné ilustrácie
_c22 cm
336 _atext
_btxt
_2rdacontent
336 _astatický obraz
_bsti
_2rdacontent
337 _abez média
_bn
_2rdamedia
338 _azväzok
_bnc
_2rdacarrier
500 _aÚdaj o poradí vydania podľa NA ISBN, na titule chybne uvedené 2. vydanie
500 _aVydalo nakladateľstvo Albatros v spoločnosti Albatros Media Slovakia, s.r.o.
521 8 _aPre deti od 4 rokov
655 7 _aslovenská poézia
_2SNKPH
655 7 _apoézia pre deti
_2SNKPH
655 7 _aliteratúra pre deti
_2SNKPH
655 7 _aSlovak poetry
_2SNKPHeng
655 7 _aChildren's literature
_2SNKPHeng
655 7 _achildren´s poetry
_2SNKPHeng
700 1 _aZavaďáková, Natália
_4ill
752 _aSlovensko
_dBratislava
942 _2ddc
_cKLDE
_n0
949 _6273K0643674
_asvkpoB 107445
_bsvkpo637312
949 _617A1393296
_asnkSC 186812
_bsnk2019/29956
_o1827/19
_s6100:20191217
949 _617A1393297
_asnkSC 186812 D1
_bsnk2019/29957
_o1827/19
949 _6270001000603526
_asvkbba 157984
_bsvkbbm 784523
949 _62889351229
_asavukPV 28407
_bsavuk2019/2831
999 _c21559
_d21559